000 00826nam a2200265Ia 4500
003 OSt
005 20220930072627.0
006 a|||||r|||| 00| 0
007 ta
008 220926b |||||||| |||| 00| 0 eng d
024 _a24675
037 _cTheses
040 _aCRL
_cCRL
_beng
041 _2eng
_aeng
100 _aTaneja Manish
_9530173
110 _aUniversity of Delhi. Faculty of Medical Sciences. Department of Radio-Diagnosis
245 0 _aComputerized tomographic evaluation of urinary tract masses
260 _c1997
300 _a92p.
_ap.
_ccm.
650 _aDIAGNOSIS
_9519345
700 _a Chawla Sushma Gu.
_9530174
700 _aUniversity of Delhi. Faculty of Medical Sciences. Department of Radio-Diagnosis
942 _cDIS
_2CC
999 _c864132
_d864132